EPIC: The Musical - No longer you - Statistics

General Stats
  • This quiz has been taken 254 times
  • The average score is 174 of 200
Answer Stats
% Correct
Tiresias I
100%
Tiresias I
98%
a
97%
I
97%
see
97%
the
97%
a
96%
I
96%
past
96%
see
96%
the
96%
a
95%
I
95%
of
95%
see
95%
the
95%
a
94%
am
94%
man,
94%
of
94%
see
94%
the
94%
you
94%
you.
94%
a
93%
A
93%
and
93%
I
93%
man
93%
of
93%
past
93%
you
93%
and
92%
man,
92%
man
92%
no
92%
of
92%
see
92%
who
92%
you
92%
and
91%
of
91%
prophet,
91%
romance,
91%
song
91%
who
91%
but
90%
it.
90%
it
90%
longer
90%
longer..
90%
man,
90%
men
90%
of
90%
Odysseus WHO?!
90%
but
89%
it
89%
romance,
89%
Odysseus What?
89%
who
89%
sacrifice
88%
song
88%
with
88%
future
87%
home,
87%
home
87%
long
87%
seek.
87%
breath.
86%
death,
86%
final
86%
get
86%
home
86%
it's
86%
not
86%
on
86%
sacrifice
86%
stand.
86%
with
86%
your
86%
be.
85%
betrayal
85%
breath.
85%
death,
85%
final
85%
it's
85%
make
85%
on
85%
stand.
85%
to
85%
with
85%
your
85%
answers
84%
betrayal,
84%
help
84%
is
84%
make
84%
to
84%
where
84%
your
84%
alive,
83%
bodies.
83%
brother's
83%
in
83%
that's
83%
trail,
83%
wife
83%
world
83%
alive,
82%
brother's
82%
free.
82%
gets
82%
is
82%
know.
82%
red,
82%
running
82%
brink
81%
covered
81%
gets
81%
There
81%
brink
80%
palace
80%
Time,
80%
I've
79%
draw
78%
unlocked
78%
We've
78%
draw
77%
suffered
77%
can't
76%
dead.
74%
nothing?
74%
Odysseus This
74%
portrayals
73%
for
72%
you're
72%
through
71%
faces
70%
believed
69%
tell
69%
haunting.
68%
us
67%
had
66%
our
66%
toughest
66%
effort's
65%
sailed
64%
now
62%
hells,
59%
No matching quizzes found
Score Distribution
Percent of People with Each Score
Percentile by Number Answered
Your Score History
You have not taken this quiz